| 000 | 00875 a2200169 4500 | ||
|---|---|---|---|
| 003 | Nust | ||
| 005 | 20221226125243.0 | ||
| 040 | _cNust | ||
| 082 | _a355,LUD | ||
| 100 |
_aLudendorff, Erich _949551 |
||
| 245 |
_aThe coming war / _cGeneral Ludendorff |
||
| 260 |
_aLondon _bFaber & Faber limited _c1931 |
||
| 300 | _a176 p. | ||
| 505 | _aIntroduction (Page-7), Systems Based Upon and Systems of Alliance (Page-22), The German Armaments (Page-64), The Engagement of the Respective Forces (Page-83), War Begins on the Unprotected Frontiers (Page-94), How a Disarmed Nation Fares amid Advanced Arms (Page-114), The Wheels of Destruction Begin to Grind (Page-126), The Annihilation of The German People and of Italy (Page-140), The Destruction of Europe (Page-156), The Overthrow of the International Mischief Makers (Page-172). | ||
| 650 | _aWar. | ||
| 942 |
_2ddc _cBK _k355,LUD |
||
| 999 |
_c184726 _d184726 |
||